<?xml version="1.0" encoding="UTF-8"?>
<record
    xmlns:xsi="http://www.w3.org/2001/XMLSchema-instance"
    xsi:schemaLocation="http://www.loc.gov/MARC21/slim http://www.loc.gov/standards/marcxml/schema/MARC21slim.xsd"
    xmlns="http://www.loc.gov/MARC21/slim">

  <leader>02184nam a2200361 i 4500</leader>
  <datafield tag="952" ind1=" " ind2=" ">
    <subfield code="0">0</subfield>
    <subfield code="1">0</subfield>
    <subfield code="2">ddc</subfield>
    <subfield code="4">0</subfield>
    <subfield code="7">0</subfield>
    <subfield code="8">LE</subfield>
    <subfield code="a">FUSBC</subfield>
    <subfield code="b">FUSBC</subfield>
    <subfield code="c">EBOOK</subfield>
    <subfield code="d">2020-07-17</subfield>
    <subfield code="l">0</subfield>
    <subfield code="p">ID2219637</subfield>
    <subfield code="r">2020-07-17 00:00:00</subfield>
    <subfield code="t">Ej.1</subfield>
    <subfield code="u">https://bit.ly/2DLoZof</subfield>
    <subfield code="w">2020-07-17</subfield>
    <subfield code="y">EBK</subfield>
    <subfield code="z">LIBRO ELECTR&#xD3;NICO - Seguir el link de acceso</subfield>
    <subfield code="k">2</subfield>
    <subfield code="I">INV2021</subfield>
  </datafield>
  <datafield tag="999" ind1=" " ind2=" ">
    <subfield code="c">66538</subfield>
    <subfield code="d">66538</subfield>
  </datafield>
  <controlfield tag="001">768714001</controlfield>
  <controlfield tag="003">CO-MdFUSB</controlfield>
  <controlfield tag="005">20200806150846.0</controlfield>
  <controlfield tag="007">cr aa aaaaa</controlfield>
  <controlfield tag="008">200717t2011    sp ||||| |||| 00| 0 spa d</controlfield>
  <datafield tag="020" ind1=" " ind2=" ">
    <subfield code="a">9788499859262</subfield>
    <subfield code="q">electr&#xF3;nico</subfield>
  </datafield>
  <datafield tag="040" ind1=" " ind2=" ">
    <subfield code="a">CO-MdFUSB</subfield>
    <subfield code="b">spa</subfield>
    <subfield code="c">CO-MdFUSB</subfield>
    <subfield code="d">CO-MdFUSBC</subfield>
    <subfield code="e">rda</subfield>
  </datafield>
  <datafield tag="041" ind1=" " ind2=" ">
    <subfield code="a">spa</subfield>
  </datafield>
  <datafield tag="082" ind1=" " ind2=" ">
    <subfield code="2">23</subfield>
    <subfield code="a">261.7098</subfield>
  </datafield>
  <datafield tag="100" ind1=" " ind2=" ">
    <subfield code="a">Tamayo Acosta, Juan Jos&#xE9;, </subfield>
    <subfield code="e">autor</subfield>
  </datafield>
  <datafield tag="245" ind1=" " ind2="3">
    <subfield code="a">La teolog&#xED;a de la liberaci&#xF3;n en el nuevo escenario pol&#xED;tico y religioso</subfield>
    <subfield code="c">/ Juan Jos&#xE9; Tamayo</subfield>
    <subfield code="h">[electr&#xF3;nico]</subfield>
  </datafield>
  <datafield tag="264" ind1=" " ind2="1">
    <subfield code="a">Valencia : </subfield>
    <subfield code="b">Tirant Lo Blanch, </subfield>
    <subfield code="c">[2011]</subfield>
  </datafield>
  <datafield tag="264" ind1=" " ind2="4">
    <subfield code="c">&#xA9; 2011</subfield>
  </datafield>
  <datafield tag="300" ind1=" " ind2=" ">
    <subfield code="a">559 p&#xE1;ginas</subfield>
    <subfield code="c">; </subfield>
  </datafield>
  <datafield tag="336" ind1=" " ind2=" ">
    <subfield code="2">rdacontent</subfield>
    <subfield code="a">texto</subfield>
    <subfield code="b">txt</subfield>
  </datafield>
  <datafield tag="337" ind1=" " ind2=" ">
    <subfield code="2">rdamedia</subfield>
    <subfield code="a">inform&#xE1;tico</subfield>
    <subfield code="b">c</subfield>
  </datafield>
  <datafield tag="338" ind1=" " ind2=" ">
    <subfield code="2">rdacarrier</subfield>
    <subfield code="a">remoto</subfield>
    <subfield code="b">cr</subfield>
  </datafield>
  <datafield tag="490" ind1=" " ind2=" ">
    <subfield code="a">Colecci&#xF3;n Di&#xE1;spora</subfield>
  </datafield>
  <datafield tag="505" ind1=" " ind2=" ">
    <subfield code="a">-- Mostrar Nivel A Modo De Pr&#xF3;logo: Entre Machu Picchu Y El Cerro San Crist&#xF3;bal. -- Teor&#xED;a De Los Paradigmas. -- Prefacio. --Condiciones De Posibilidad Del Nuevo Paradigma Teol&#xF3;gico En Am&#xE9;rica Latina --  Impacto De La Teolog&#xED;a De La Liberaci&#xF3;n  -- Hacia Una Teolog&#xED;a Aut&#xF3;ctona: L&#xED;neas Program&#xE1;ticas. -- Mostrar Nivel V. Desarrollo Del Nuevo Paradigma. -- Cambios En El Nuevo Paradigma. --  Teolog&#xED;a Para Otro Mundo Posible: I Foro De Teolog&#xED;a Y Liberaci&#xF3;n. -- &#xBF;Y Si &#xC1;frica Rechaza El Mercado? --IForo Mundial De Teolog&#xED;a Y Liberaci&#xF3;n En Nairobi. -- Actualidad De Bartolom&#xE9; De Las Casas: Precursor De La Teolog&#xED;a De La Liberaci&#xF3;n Y De La Interculturalidad. -- Te&#xF3;logas Y Te&#xF3;logos Latinoamericanos De La Liberaci&#xF3;n. -- Desaf&#xED;os De La Teolog&#xED;a Latinoamericana De La Liberaci&#xF3;n Al Primer Mundo
</subfield>
  </datafield>
  <datafield tag="506" ind1=" " ind2=" ">
    <subfield code="a">Pr&#xE9;stamo en biblioteca del libro f&#xED;sico</subfield>
  </datafield>
  <datafield tag="506" ind1=" " ind2=" ">
    <subfield code="a">Solicitar clave y usuario para acceder al libro electr&#xF3;nico.</subfield>
  </datafield>
  <datafield tag="506" ind1=" " ind2=" ">
    <subfield code="a">Libro multiusuario.</subfield>
  </datafield>
  <datafield tag="650" ind1=" " ind2="7">
    <subfield code="9">449</subfield>
    <subfield code="a">Teolog&#xED;a de la liberaci&#xF3;n</subfield>
  </datafield>
  <datafield tag="856" ind1=" " ind2=" ">
    <subfield code="b">2219637</subfield>
    <subfield code="u">http://search.ebscohost.com/login.aspx?direct=true&amp;scope=site&amp;db=nlebk&amp;db=nlabk&amp;AN=2219637</subfield>
    <subfield code="z">Abrir Versi&#xF3;n electr&#xF3;nica del libro La teolog&#xED;a de la liberaci&#xF3;n en el nuevo escenario pol&#xED;tico y religioso</subfield>
  </datafield>
  <datafield tag="942" ind1=" " ind2=" ">
    <subfield code="c">BK</subfield>
  </datafield>
  <datafield tag="945" ind1=" " ind2=" ">
    <subfield code="a">JTF-925</subfield>
  </datafield>
</record>
